[Event "PAR-ch sf"]
[Site "Asuncion"]
[Date "2023.11.05"]
[Round "9"]
[White "Alarcon, Jose"]
[Black "Torales G, Ivan Alejandro B"]
[Result "1/2-1/2"]
[WhiteElo "2008"]
[BlackElo "1728"]
[PlyCount "113"]
[EventDate "2023.10.27"]
[EventType "swiss"]
[EventRounds "9"]
[EventCountry "PAR"]
[SourceTitle "CBM 217 Extra"]
[Source "ChessBase"]
[SourceDate "2024.01.31"]
[SourceVersion "1"]
[SourceVersionDate "2024.01.31"]
[SourceQuality "1"]

1. d4 d5 2. c4 c6 3. Nc3 Nf6 4. Nf3 a6 5. cxd5 cxd5 6. Bf4 Nc6 7. e3 Bf5 8. Be2 e6 9. 0-0 Be7 10. h3 h6 11. Rc1 0-0 12. Na4 Ne4 13. Ne5 Nxe5 14. Bxe5 Qa5 15. Bc7 Qd2 16. Nb6 Qxb2 17. Nxa8 Nc3 18. Rxc3 Qxc3 19. Qa4 Rxa8 20. Qd7 Bf8 21. Bb6 Qc8 22. Qa4 Rb8 23. Qa5 Qc2 24. Bd1 Qb2 25. Bb3 Rc8 26. Bc5 Bxc5 27. dxc5 Qe5 28. Rc1 Qc7 29. Qa4 Qc6 30. Qa5 Qc7 31. Qa3 Qc6 32. Ba4 b5 33. Bd1 Qb7 34. Be2 Rc6 35. Qb4 Kf8 36. a4 Kg8 37. axb5 axb5 38. Bxb5 Rc8 39. Qa4 Ra8 40. c6 Qb8 41. Qb4 Qc7 42. Ba4 e5 43. Rc5 Be6 44. Rc1 Qa5 45. Qxa5 Rxa5 46. Bb3 Rb5 47. Bd1 Kf8 48. Be2 Ra5 49. c7 Ra8 50. Rb1 Ke7 51. Rc1 Kd7 52. Bb5+ Kc8 53. Bc6 Ra7 54. Rd1 Rxc7 55. Bxd5 Kd7 56. Bxe6+ Kxe6 57. Ra1 1/2-1/2

[Event "PAR-ch sf"]
[Site "Asuncion"]
[Date "2023.11.04"]
[Round "6"]
[White "Alarcon, Jose"]
[Black "Gonzalez Gauto, Victor"]
[Result "0-1"]
[WhiteElo "2008"]
[BlackElo "1368"]
[PlyCount "78"]
[EventDate "2023.10.27"]
[EventType "swiss"]
[EventRounds "9"]
[EventCountry "PAR"]
[SourceTitle "CBM 217 Extra"]
[Source "ChessBase"]
[SourceDate "2024.01.31"]
[SourceVersion "1"]
[SourceVersionDate "2024.01.31"]
[SourceQuality "1"]

1. d4 Nf6 2. c4 g6 3. Nc3 Bg7 4. e4 d6 5. Nf3 0-0 6. Be2 e5 7. 0-0 Nc6 8. d5 Ne7 9. Be3 Ne8 10. c5 f5 11. cxd6 cxd6 12. Ng5 Nc7 13. Bc4 f4 14. Bd2 Kh8 15. a4 Nexd5 16. Nxd5 Nxd5 17. Bxd5 Qxg5 18. f3 h5 19. Kh1 Qe7 20. Rc1 Be6 21. Bb4 Rad8 22. Rf2 Rc8 23. Rd2 Rxc1 24. Qxc1 Rc8 25. Qd1 Bf8 26. Bxe6 Qxe6 27. Bxd6 Bxd6 28. h3 Rc6 29. b4 b5 30. axb5 Rb6 31. Rd5 Kh7 32. Qc2 Kh6 33. Qa2 Qe7 34. Qc4 Rb7 35. Qc8 Rc7 36. Qh8+ Kg5 37. Kh2 Kh4 38. Qh6 Qf6 39. b6 axb6 0-1

[Event "Asuncion CIT op"]
[Site "Asuncion"]
[Date "2023.08.15"]
[Round "6"]
[White "Alarcon, Jose"]
[Black "Vera, Gajardo Jorge L"]
[Result "1-0"]
[WhiteElo "2022"]
[BlackElo "1628"]
[PlyCount "47"]
[EventDate "2023.08.12"]
[EventType "swiss"]
[EventRounds "9"]
[EventCountry "PAR"]
[SourceTitle "CBM 215 Extra"]
[Source "ChessBase"]
[SourceDate "2023.09.30"]
[SourceVersion "1"]
[SourceVersionDate "2023.09.30"]
[SourceQuality "1"]

1. d4 f5 2. e4 fxe4 3. Nc3 Nf6 4. Bg5 g6 5. h4 Bg7 6. Bxf6 exf6 7. Bc4 Nc6 8. Qd2 Na5 9. Be2 d5 10. h5 Kf7 11. Nxe4 dxe4 12. Qxa5 Be6 13. 0-0-0 c6 14. Qb4 Qb6 15. Qc3 Rhd8 16. Bc4 Bd5 17. Ne2 a5 18. hxg6+ hxg6 19. Nf4 g5 20. Nxd5 cxd5 21. Be2 Rac8 22. Qh3 Rh8 23. Qd7+ Kg6 24. Bg4 1-0

[Event "Asuncion zt 2.5"]
[Site "Asuncion"]
[Date "2023.03.06"]
[Round "3"]
[White "Alarcon, Jose"]
[Black "Coro, Lucas"]
[Result "0-1"]
[WhiteElo "2023"]
[BlackElo "2302"]
[PlyCount "130"]
[EventDate "2023.03.05"]
[EventType "swiss"]
[EventRounds "9"]
[EventCountry "PAR"]
[SourceTitle "CBM 213 Extra"]
[Source "ChessBase"]
[SourceDate "2023.05.31"]
[SourceVersion "1"]
[SourceVersionDate "2023.05.31"]
[SourceQuality "1"]

1. d4 Nf6 2. c4 g6 3. Nc3 Bg7 4. e4 d6 5. Nf3 0-0 6. Be2 e5 7. 0-0 Nc6 8. d5 Ne7 9. b4 a5 10. bxa5 c5 11. Bd2 Rxa5 12. Ne1 Nd7 13. Bg4 f5 14. Bh3 Kh8 15. Qc2 Nf6 16. f3 h6 17. g3 Ra6 18. Qc1 Neg8 19. Qc2 Nh7 20. exf5 gxf5 21. Rb1 Ng5 22. Bg2 f4 23. g4 e4 24. Nxe4 Nxe4 25. fxe4 Bxg4 26. Bc3 Rf7 27. Nf3 Qe7 28. Rb2 Ra3 29. Rb3 Rxb3 30. axb3 Bxf3 31. Bxf3 Be5 32. Kh1 Qf6 33. Be1 Ne7 34. Qg2 Rg7 35. Qh3 Bd4 36. Bf2 Kh7 37. Bxd4 Qxd4 38. Bg2 Ng6 39. Qf5 Kh8 40. Qh5 Qf6 41. Qf5 Qh4 42. Qh3 Qg5 43. Qf5 Ne5 44. Bh3 f3 45. Ra1 Rg8 46. Qxg5 hxg5 47. Bf5 Kg7 48. Ra4 Rb8 49. Kg1 Kf6 50. Kf2 Rh8 51. h3 Rb8 52. Bg4 b5 53. Ra6 bxc4 54. Rxd6+ Kg7 55. bxc4 Rb2+ 56. Kf1 Nd3 57. Rd7+ Kf6 58. Rd6+ Ke5 59. Re6+ Kd4 60. Bxf3 Ke3 61. Bh5 Nf4 62. Kg1 Nxh5 63. Re7 Kf3 64. Rf7+ Nf4 65. Rf5 Kxe4 0-1

[Event "Asuncion zt 2.5"]
[Site "Asuncion"]
[Date "2023.03.06"]
[Round "2"]
[White "Perdomo, Leandro Daniel"]
[Black "Alarcon, Jose"]
[Result "1/2-1/2"]
[WhiteElo "2416"]
[BlackElo "2023"]
[PlyCount "181"]
[EventDate "2023.03.05"]
[EventType "swiss"]
[EventRounds "9"]
[EventCountry "PAR"]
[SourceTitle "CBM 213 Extra"]
[Source "ChessBase"]
[SourceDate "2023.05.31"]
[SourceVersion "1"]
[SourceVersionDate "2023.05.31"]
[SourceQuality "1"]

1. d4 d5 2. c4 c6 3. Nf3 Nf6 4. Nc3 e6 5. e3 Nbd7 6. Qc2 Bd6 7. Be2 0-0 8. 0-0 dxc4 9. Bxc4 b5 10. Be2 Bb7 11. Rd1 Qc7 12. b3 a6 13. Ne4 Nxe4 14. Qxe4 Rfe8 15. Bb2 e5 16. dxe5 Nxe5 17. Nxe5 Bxe5 18. Bxe5 Rxe5 19. Qg4 Re6 20. Bf3 c5 21. Bxb7 Qxb7 22. Rac1 Rc8 23. Rxc5 g6 24. Qf3 Qb8 25. Rd7 Rf8 26. Rcc7 Qe8 27. g3 Kg7 28. Qb7 Rf6 29. Re7 Qd8 30. Red7 Qe8 31. Qd5 Kg8 32. e4 h5 33. Re7 Qb8 34. e5 Rf5 35. Qd6 Rd8 36. Rcd7 Qxd6 37. exd6 Rxd7 38. Rxd7 Rd5 39. Rd8+ Kg7 40. d7 Kf6 41. Ra8 Rxd7 42. Rxa6+ Ke7 43. b4 Rd2 44. a3 Kd7 45. Kg2 Rd3 46. h3 Rc3 47. Rf6 Ke7 48. Rf3 Rc2 49. Rd3 Ke6 50. h4 Ke5 51. Rd7 Ke6 52. Rb7 Rc3 53. Rb6+ Ke7 54. Ra6 f6 55. Kf1 Rc2 56. Ra5 Ra2 57. Kg2 Kf7 58. Kf3 g5 59. hxg5 fxg5 60. Kg2 Kg6 61. Rxb5 Rxa3 62. Rc5 Rb3 63. b5 Rb2 64. Rc6+ Kf5 65. b6 Kg4 66. Rc4+ Kf5 67. Rc5+ Kg4 68. b7 h4 69. Rc4+ Kh5 70. Rc7 Kg4 71. Rc4+ Kh5 72. Rc7 Kg4 73. gxh4 gxh4 74. Rg7+ Kh5 75. Kf3 Rb3+ 76. Kg2 Rb2 77. Kh3 Rb3+ 78. Kh2 Rb2 79. Kg2 Rb3 80. f3 Kh6 81. Rc7 Kg5 82. Rg7+ Kh6 83. Re7 Kg5 84. Rg7+ Kf4 85. Kh3 Rxf3+ 86. Kxh4 Rb3 87. Kh5 Ke5 88. Kg6 Kd6 89. Rf7 Kc6 90. Kg7 Rxb7 91. Rxb7 1/2-1/2

[Event "PAR-ch sf"]
[Site "Asuncion"]
[Date "2021.11.14"]
[Round "4"]
[White "Alarcon, Jose"]
[Black "Jodorcovsky, Paulo Leonardo"]
[Result "1-0"]
[WhiteElo "2052"]
[BlackElo "1788"]
[PlyCount "57"]
[EventDate "2021.11.12"]
[EventType "swiss"]
[EventRounds "9"]
[EventCountry "PAR"]
[SourceTitle "EXT 2023"]
[Source "ChessBase"]
[SourceDate "2022.10.05"]
[SourceVersion "1"]
[SourceVersionDate "2022.10.05"]
[SourceQuality "1"]

1. d4 e6 2. c4 d5 3. Nc3 Bb4 4. e3 Bxc3+ 5. bxc3 c5 6. cxd5 exd5 7. Bd3 Ne7 8. Qf3 Qc7 9. Ne2 Nd7 10. 0-0 Nf6 11. Nf4 c4 12. Bc2 Qc6 13. Nh5 Nxh5 14. Qxh5 g6 15. Qh4 Bf5 16. Ba3 f6 17. Bxe7 Kxe7 18. Bxf5 gxf5 19. f3 Rag8 20. Qf4 Qd7 21. Rfe1 Rg6 22. e4 fxe4 23. fxe4 dxe4 24. Rxe4+ Kd8 25. Rae1 Kc8 26. Re7 Qc6 27. d5 Qb6+ 28. Kh1 Rhg8 29. Qf5+ 1-0

[Event "PAR-ch sf"]
[Site "Asuncion"]
[Date "2021.11.13"]
[Round "2"]
[White "Alarcon, Jose"]
[Black "Miranda Fernandez, Marcos Manuel"]
[Result "1/2-1/2"]
[WhiteElo "2052"]
[BlackElo "1433"]
[PlyCount "112"]
[EventDate "2021.11.12"]
[EventType "swiss"]
[EventRounds "9"]
[EventCountry "PAR"]
[SourceTitle "EXT 2023"]
[Source "ChessBase"]
[SourceDate "2022.10.05"]
[SourceVersion "1"]
[SourceVersionDate "2022.10.05"]
[SourceQuality "1"]

1. d4 d5 2. c4 e6 3. Nc3 c6 4. cxd5 cxd5 5. Nf3 Bd6 6. g3 f5 7. Bg2 Nf6 8. 0-0 0-0 9. Bf4 Bxf4 10. gxf4 Nc6 11. Rc1 Ne4 12. Na4 Bd7 13. Nc5 Nxc5 14. Rxc5 Rc8 15. Qd2 Qe7 16. Rfc1 Rc7 17. a3 Rfc8 18. e3 Be8 19. R1c2 Bh5 20. Ne1 b6 21. R5c3 Na5 22. Bf1 Nb7 23. Nd3 Nd6 24. Ne5 Ne4 25. Rxc7 Rxc7 26. Qc1 Rxc2 27. Qxc2 h6 28. f3 Nd6 29. Bd3 Nf7 30. Qc8+ Kh7 31. Bxf5+ exf5 32. Qxf5+ g6 33. Qxf7+ Qxf7 34. Nxf7 Bxf3 35. Kf2 Bg4 36. Ne5 Bf5 37. b4 Kg7 38. a4 Kf6 39. Nc6 a6 40. a5 b5 41. Kg3 Bc8 42. Ne5 Bf5 43. h3 Bc8 44. Nd3 Kf5 45. Nc5 Kf6 46. h4 Kf5 47. Kf3 h5 48. Kg3 Kf6 49. e4 dxe4 50. Nxe4+ Ke6 51. Nc3 Bb7 52. Kf2 Ba8 53. Kg3 Bb7 54. Kf2 Ba8 55. Kg3 Bb7 56. Kf2 Ba8 1/2-1/2

[Event "Asuncion Fernando Memorial"]
[Site "Asuncion"]
[Date "2021.08.28"]
[Round "3"]
[White "Alarcon, Jose"]
[Black "Heinechen, John"]
[Result "1-0"]
[WhiteElo "2061"]
[BlackElo "1978"]
[PlyCount "93"]
[EventDate "2021.08.27"]
[EventType "swiss"]
[EventRounds "7"]
[EventCountry "PAR"]
[SourceTitle "EXT 2022"]
[Source "ChessBase"]
[SourceDate "2021.10.06"]
[SourceVersion "1"]
[SourceVersionDate "2021.10.06"]
[SourceQuality "1"]

1. d4 c5 2. d5 d6 3. c4 g6 4. g3 Bg7 5. Bg2 Nf6 6. Nf3 0-0 7. Nc3 Na6 8. 0-0 Bd7 9. e4 Qc8 10. Re1 Bh3 11. Bf4 Bxg2 12. Kxg2 Nh5 13. Bg5 Qd7 14. Qd2 e5 15. dxe6 fxe6 16. Rad1 Qf7 17. Qe2 h6 18. Bc1 Rad8 19. Nb5 Qe7 20. Nh4 Rf6 21. Nxg6 Rxg6 22. Qxh5 Qf7 23. Qe2 e5 24. Be3 b6 25. Nc3 Nb4 26. a3 Nc6 27. Nd5 Rf8 28. b4 h5 29. h3 Bh6 30. b5 Nd4 31. Bxd4 cxd4 32. Rd3 Rc8 33. Rf3 Qe6 34. Rf5 h4 35. Rb1 Kh7 36. Rb3 Rcg8 37. g4 Bg5 38. Rbf3 Qc8 39. Rf7+ R8g7 40. Rf8 Qc5 41. Qd3 Rg8 42. R3f7+ R6g7 43. Qf3 Bf4 44. g5 Bxg5 45. Qf5+ Kh8 46. Rxg8+ Kxg8 47. Rf8# 1-0

[Event "PAR-ch sf"]
[Site "Asuncion"]
[Date "2020.03.08"]
[Round "5"]
[White "Mayeregger, Arnold"]
[Black "Alarcon, Jose"]
[Result "1-0"]
[WhiteElo "2119"]
[BlackElo "2059"]
[PlyCount "67"]
[EventDate "2020.03.06"]
[EventType "swiss"]
[EventRounds "7"]
[EventCountry "PAR"]
[SourceTitle "CBM 195 Extra"]
[Source "ChessBase"]
[SourceDate "2020.05.31"]
[SourceVersion "1"]
[SourceVersionDate "2020.05.31"]
[SourceQuality "1"]

1. a3 c5 2. g3 g6 3. Bg2 Bg7 4. Nf3 Nf6 5. 0-0 0-0 6. d3 Nc6 7. c3 d6 8. b4 a6 9. Bb2 Bd7 10. Nbd2 Qc8 11. e4 Nh5 12. Nc4 cxb4 13. axb4 Qc7 14. Qe2 Nf6 15. e5 Nxe5 16. Nfxe5 dxe5 17. Qxe5 Rac8 18. Qxe7 Be6 19. Qxc7 Rxc7 20. Ne3 Ng4 21. d4 Nxe3 22. fxe3 Bh6 23. Rfe1 Re8 24. Kf2 Bc4 25. Bc1 Bg7 26. e4 Bd3 27. Bd2 Rce7 28. e5 f6 29. Re3 fxe5 30. Rxd3 e4 31. Re3 Bh6 32. Ke1 Bxe3 33. Bxe3 Ra8 34. c4 1-0

[Event "Asuncion Campeones"]
[Site "Asuncion"]
[Date "2019.10.06"]
[Round "5"]
[White "Alarcon, Jose"]
[Black "Benitez Galeano, Alejandro"]
[Result "0-1"]
[WhiteElo "2106"]
[BlackElo "2187"]
[PlyCount "94"]
[EventDate "2019.10.03"]
[EventType "tourn"]
[EventRounds "9"]
[EventCountry "PAR"]
[SourceTitle "EXT 2020"]
[Source "ChessBase"]
[SourceDate "2019.10.17"]
[SourceVersion "1"]
[SourceVersionDate "2019.10.17"]
[SourceQuality "1"]

1. d4 d5 2. g3 Nf6 3. Bg2 c6 4. Nf3 Bf5 5. 0-0 e6 6. c4 Nbd7 7. Qb3 Qb6 8. c5 Qxb3 9. axb3 a6 10. b4 h6 11. Nbd2 g5 12. h3 Bg7 13. Nb3 Ne4 14. e3 0-0 15. Nfd2 Nxd2 16. Bxd2 Rfe8 17. f3 e5 18. Bc3 Re7 19. Na5 Rb8 20. Rfe1 Bd3 21. Rad1 Bc2 22. Rc1 Ba4 23. Bf1 Nf8 24. dxe5 Bxe5 25. Bxe5 Rxe5 26. Ra1 Bb5 27. Bxb5 axb5 28. Nb3 Re7 29. Ra7 Nd7 30. Na5 Ne5 31. Kg2 Nd3 32. Re2 Nxb4 33. Rd2 Kf8 34. Kf2 Rbe8 35. Rxb7 Rxe3 36. Rc7 Nd3+ 37. Kg1 Rxf3 38. Rxc6 Rxg3+ 39. Kh2 Ree3 40. Rc8+ Kg7 41. c6 Rxh3+ 42. Kg1 Re1+ 43. Kg2 Nf4+ 44. Kf2 Rc1 45. Rd4 Rh2+ 46. Kf3 Rf1+ 47. Kg3 Rg2# 0-1

[Event "Asuncion Campeones"]
[Site "Asuncion"]
[Date "2019.10.06"]
[Round "4"]
[White "Melian, Juan Sebastian"]
[Black "Alarcon, Jose"]
[Result "1-0"]
[WhiteElo "1847"]
[BlackElo "2106"]
[PlyCount "95"]
[EventDate "2019.10.03"]
[EventType "tourn"]
[EventRounds "9"]
[EventCountry "PAR"]
[SourceTitle "EXT 2020"]
[Source "ChessBase"]
[SourceDate "2019.10.17"]
[SourceVersion "1"]
[SourceVersionDate "2019.10.17"]
[SourceQuality "1"]

1. Nf3 c5 2. b3 b6 3. Bb2 Bb7 4. e3 e6 5. d4 Nf6 6. Nbd2 Be7 7. Bd3 d6 8. Qe2 Nbd7 9. 0-0 0-0 10. c4 Rc8 11. e4 cxd4 12. Nxd4 Qc7 13. Kh1 Rfe8 14. Rae1 Nc5 15. Bb1 e5 16. Nb5 Qb8 17. Nc3 Ne6 18. Nd5 Nxd5 19. exd5 Nf8 20. Qd3 b5 21. Ba1 bxc4 22. bxc4 Bg5 23. Ne4 Bh6 24. Bc2 Ba6 25. Bb3 Qc7 26. Re2 Nd7 27. Bb2 f5 28. Ng3 g6 29. Rc2 Bg7 30. f3 Nc5 31. Qd2 Rb8 32. Qc3 Re7 33. Ba3 e4 34. Qe3 f4 35. Qxf4 Rf8 36. Qd2 exf3 37. Rxf3 Rfe8 38. Rc1 Bc8 39. Rcf1 Bg4 40. R3f2 Be5 41. Bxc5 Qxc5 42. Ne4 Qc7 43. c5 Kg7 44. cxd6 Bxd6 45. Nxd6 Qxd6 46. Qd4+ Qe5 47. Qxg4 Qe3 48. Qf3 1-0

[Event "Asuncion DTA op 6th"]
[Site "Asuncion"]
[Date "2019.08.03"]
[Round "4"]
[White "Alarcon, Jose"]
[Black "Recalde, Ariel"]
[Result "1-0"]
[WhiteElo "2082"]
[BlackElo "1899"]
[PlyCount "35"]
[EventDate "2019.08.01"]
[EventType "swiss"]
[EventRounds "7"]
[EventCountry "PAR"]
[SourceTitle "EXT 2020"]
[Source "ChessBase"]
[SourceDate "2019.10.17"]
[SourceVersion "1"]
[SourceVersionDate "2019.10.17"]
[SourceQuality "1"]

1. d4 f5 2. g3 Nf6 3. Bg2 g6 4. b3 Bg7 5. Bb2 0-0 6. Nf3 d6 7. 0-0 Ne4 8. c4 c5 9. Nc3 Nc6 10. e3 e5 11. dxc5 Nxc3 12. Bxc3 e4 13. Qd5+ Rf7 14. Nd4 dxc5 15. Qxc5 Ne5 16. Rad1 b6 17. Qa3 Nd3 18. Rxd3 1-0

[Event "PAR-ch sf 4th"]
[Site "Pedro Juan Caballero"]
[Date "2019.06.15"]
[Round "4.2"]
[White "Ramirez, Jorge Guillermo"]
[Black "Alarcon, Jose"]
[Result "1/2-1/2"]
[WhiteElo "1843"]
[BlackElo "2083"]
[PlyCount "162"]
[EventDate "2019.06.13"]
[EventType "swiss"]
[EventRounds "7"]
[EventCountry "PAR"]
[SourceTitle "EXT 2023"]
[Source "ChessBase"]
[SourceDate "2022.10.05"]
[SourceVersion "1"]
[SourceVersionDate "2022.10.05"]
[SourceQuality "1"]

1. g3 c5 2. Bg2 Nc6 3. Nf3 g6 4. 0-0 Bg7 5. c4 e5 6. Nc3 Nge7 7. Rb1 d6 8. d3 0-0 9. a3 a5 10. Bd2 Rb8 11. Ne1 Be6 12. Nc2 d5 13. cxd5 Nxd5 14. Ne3 Nxe3 15. Bxe3 Nd4 16. b4 cxb4 17. axb4 Rc8 18. Bd2 b6 19. bxa5 bxa5 20. Nb5 Rc5 21. Nxd4 exd4 22. Qa4 Bd5 23. Rfc1 Rxc1+ 24. Rxc1 Bxg2 25. Kxg2 Qd5+ 26. Kg1 Ra8 27. Ra1 Be5 28. Qa2 Qd7 29. Qa4 Qe7 30. Qc6 Qd8 31. Qc5 Qc7 32. Qd5 Re8 33. Qxa5 Qc8 34. Qd5 Qc7 35. Ra5 Bf6 36. Bf4 Qb6 37. Rb5 Qe6 38. Qxe6 fxe6 39. Be5 Bxe5 40. Rxe5 Kf7 41. f4 Kf6 42. Kf2 h5 43. Kf3 Ra8 44. Re4 Rd8 45. Kf2 g5 46. Ke1 gxf4 47. gxf4 Rg8 48. Kf2 Rd8 49. Ke1 Rg8 50. Rxd4 Rg2 51. h3 Rh2 52. Kf1 Rxh3 53. Kg2 Rh4 54. Rc4 Rg4+ 55. Kf3 Rg1 56. Rc5 Rf1+ 57. Kg3 Re1 58. Kf2 Rh1 59. e4 Rh2+ 60. Ke3 Rh3+ 61. Kd4 Rh4 62. f5 exf5 63. Rxf5+ Ke6 64. Ra5 Rh1 65. Ra6+ Ke7 66. Kd5 Kf7 67. Rh6 h4 68. e5 h3 69. d4 h2 70. Rh7+ Kf8 71. Ke6 Rd1 72. Rxh2 Rxd4 73. Rh7 Ra4 74. Rc7 Re4 75. Kd5 Re1 76. Ke6 Re2 77. Rf7+ Ke8 78. Rf5 Re1 79. Kf6 Ra1 80. e6 Rg1 81. e7 Re1 1/2-1/2

[Event "Paraguay Champions"]
[Site "Asuncion"]
[Date "2018.10.21"]
[Round "3"]
[White "Alarcon, Jose"]
[Black "Diaz, Fernando"]
[Result "1-0"]
[WhiteElo "2027"]
[BlackElo "2095"]
[PlyCount "74"]
[EventDate "2018.10.20"]
[EventType "tourn"]
[EventRounds "9"]
[EventCountry "PAR"]
[SourceTitle "CBM 187 Extra"]
[Source "ChessBase"]
[SourceDate "2018.11.04"]
[SourceVersion "1"]
[SourceVersionDate "2018.11.04"]
[SourceQuality "1"]

1. d4 Nf6 2. c4 c5 3. e3 g6 4. Nf3 Bg7 5. Be2 0-0 6. 0-0 cxd4 7. exd4 d5 8. cxd5 Nxd5 9. Nc3 Nc6 10. h3 b6 11. Bg5 h6 12. Bh4 Nf4 13. Bb5 Bb7 14. Qd2 g5 15. Rad1 Nb4 16. Bg3 Nxh3+ 17. Kh2 g4 18. Ne5 Ng5 19. Nxg4 Nd5 20. Bd3 Nxc3 21. bxc3 Qc8 22. f3 Rd8 23. Rde1 Re8 24. Bf4 f6 25. Bg6 Bd5 26. Bxe8 Qxe8 27. Ne3 Qh5+ 28. Kg1 Be6 29. Bxg5 Qxg5 30. f4 Qh4 31. f5 Bd7 32. Nd5 Qg4 33. Nxe7+ Kh7 34. Qf4 Qxf4 35. Rxf4 Bf8 36. Nd5 Kg7 37. Rg4+ Kf7 1-0

[Event "Paraguay Champions"]
[Site "Asuncion"]
[Date "2018.10.20"]
[Round "2"]
[White "Heinechen, Juan"]
[Black "Alarcon, Jose"]
[Result "1/2-1/2"]
[WhiteElo "2158"]
[BlackElo "2027"]
[PlyCount "42"]
[EventDate "2018.10.20"]
[EventType "tourn"]
[EventRounds "9"]
[EventCountry "PAR"]
[SourceTitle "CBM 187 Extra"]
[Source "ChessBase"]
[SourceDate "2018.11.04"]
[SourceVersion "1"]
[SourceVersionDate "2018.11.04"]
[SourceQuality "1"]

1. e4 c6 2. f4 d5 3. e5 g6 4. b3 Bg7 5. Bb2 Nh6 6. Nf3 Bg4 7. h3 Bxf3 8. Qxf3 0-0 9. g4 e6 10. Qg3 f6 11. Nc3 fxe5 12. fxe5 Nd7 13. Ne2 c5 14. Bg2 Qc7 15. d4 cxd4 16. Nxd4 Qxe5+ 17. Qxe5 Bxe5 18. Ke2 Rac8 19. Rac1 Bf4 20. Rcf1 Be5 21. Rc1 Bf4 1/2-1/2